000
00306 a2200109 4500
001
ART_26210
005
20260410161937.0
008
260409a
245
1
0
_a
Sinergia y empatía en la toma de decisiones
100
1
_a
Sader, Gustavo
773
0
_t
SaberEs
_g
- Nº 3 (jun. 2011)
_w
REV26089
999
_c
29102
_d
29102